SUBURBIA - Troye Sivan (All Lyrics) - Statistics

General Stats
  • This quiz has been taken 41 times
  • The average score is 230 of 306
Answer Stats
SUBURBIA % Correct
sets
100%
sun
100%
Verse 1 The
100%
the
100%
and
95%
And
95%
go
95%
I
95%
in
95%
In
95%
on
95%
On
95%
radio?
95%
so
95%
suburbia
95%
when
95%
you
95%
am
90%
boys
90%
cars
90%
Did
90%
eat
90%
eats
90%
fix
90%
from
90%
Girls
90%
good
90%
is
90%
it
90%
longer
90%
me
90%
much
90%
my
90%
their
90%
there's
90%
There's
90%
up
90%
up?
90%
Where
90%
young
90%
Chorus Have
85%
heard
85%
history
85%
I've
85%
Love
85%
mama's
85%
turn
85%
dreams
80%
fun
80%
head
80%
ones
80%
people
80%
stereo
80%
streets
80%
these
80%
to
80%
While
80%
die
75%
having
75%
kept
75%
left
75%
Oh
75%
repeat
75%
that
75%
Wonder
75%
blown
70%
your
70%
never
65%
out
65%
Pre-Chorus Yeah
65%
be
60%
Can't
60%
can't
60%
replace
60%
blood
55%
Could
55%
i'm
55%
letting
55%
Of
55%
Loving's
50%
seems
50%
Chase
45%
ever
45%
home
45%
nostalgia
45%
Verse 2 Swallow
45%
with
45%
are
40%
but
40%
changes
40%
faces
40%
feel
40%
lost
40%
playing
40%
rewind
40%
Bridge They
40%
hide
35%
lines
35%
mine
35%
nothing
35%
Through
35%
time
35%
what's
35%
Better
30%
chasing
30%
help
30%
lime
30%
Missing
30%
new
30%
say
30%
seek
30%
than
30%
occasions
25%
all
20%
dwelling
20%
No matching quizzes found
Score Distribution
Percent of People with Each Score
Percentile by Number Answered
Your Score History
You have not taken this quiz